000 00564nam a22001697a 4500
003 NUST
038 _aNusrat Nadeem
082 _a200
100 _aMaalik Rabia
_9120212
245 _aGREEN SUPPLY CHAIN NETWORK DESIGN TO STUDY THE EFFECTS OF WASTE MANAGEMENT ON ENVIRONMENT/
_cRabia Maalik,
264 _aIslamabad,
_bNBS NUST,
_c2023.
300 _aill:
_b91,p:
_c30,p:
650 _aMS-Operations and Supply Chain
_9122989
700 _aSupervisor: Dr. Waqas Ahmed
_9118335
856 _uhttp://10.250.8.41:8080/xmlui/handle/123456789/39220
942 _2ddc
_cSC
999 _c607613
_d607613